000 00575nam a2200193Ia 4500
005 20260114185638.0
008 008 260114s9999 xx 000 0 eng d
020 _a9781474284851
037 _aEBOOK
040 _aCRL
_beng
_cCRL
041 _aeng
_2eng
084 _qCRL
100 _aMartin J. Daunton
_9872622
245 0 _aHousing the Workers, 1850-1914 A Comparative Perspective
260 _bBloomsbury
_c2015
856 _uhttps://doi.org/10.5040/9781474284851?locatt=label:secondary_bloomsburyCollections
942 _cEBOOK
999 _c1471570
_d1471570